El álgebra como instrumento para expresar generalizaciones : (Record no. 162877)

MARC details
000 -CABECERA
campo de control de longitud fija 00728nam a2200217 u 4500
005 - FECHA Y HORA DE LA ÚLTIMA TRANSACCIÓN
campo de control 20240611063652.0
008 - ELEMENTOS DE LONGITUD FIJA--INFORMACIÓN GENERAL
campo de control de longitud fija 130422s2004 mx r 000 0 spa d
020 ## - NÚMERO INTERNACIONAL NORMALIZADO PARA LIBROS
Número Internacional Estándar del Libro 9702605652
035 ## - NÚMERO DE CONTROL DEL SISTEMA
Número de control de sistema UPN01000190774
049 ## - COLECCIÓN
Colección CG
050 #4 - SIGNATURA TOPOGRÁFICA DE LA BIBLIOTECA DEL CONGRESO
Número de clasificación QA159
Número de documento/Ítem C4.2 2004
100 1# - ASIENTO PRINCIPAL--NOMBRE PERSONAL
Nombre de persona Cedillo Ávalos, Tenoch Esaú
9 (RLIN) 34560
245 13 - MENCIÓN DE TÍTULO
Título El álgebra como instrumento para expresar generalizaciones :
Resto del título la calculadora en el aula 2 /
Mención de responsabilidad, etc. Tenoch Esaú Cedillo Avalos ; colab. Gloria Saynez Mendoza.
250 ## - MENCIÓN DE EDICIÓN
Mención de edición 2a ed.
260 ## - PUBLICACIÓN, DISTRIBUCIÓN, ETC.
Lugar de publicación, distribución, etc. México :
Nombre del editor, distribuidor, etc. Pearson Educación,
Fecha de publicación, distribución, etc. 2004.
300 ## - DESCRIPCIÓN FÍSICA
Extensión 157 p. :
Otras características físicas il.
650 #4 - ASIENTO SECUNDARIO DE MATERIA - TERMINO TEMATICO
Término de materia o nombre geográfico como elemento de entrada Álgebra
Subdivisión general Estudio y enseñanza
9 (RLIN) 2073
700 1# - ASIENTO SECUNDARIO--NOMBRE DE PERSONAL
Nombre de persona Saynez Mendoza, Gloria,
Término indicativo de función/relación colab.
905 ## - TIPO DE MATERIAL
Tipo de material Libro
Holdings
Estado de retiro Estado de pérdida Fuente del sistema de clasificación o colocación Estado dañado No para préstamo Código de colección Localización permanente Ubicación/localización actual Ubicación en estantería Total de préstamos Clasificación Código de barras Fecha visto por última vez Número de copia Tipo de ítem Koha
    Library of Congress Classification     Colección General Bib. Gregorio Torres Quintero Bib. Gregorio Torres Quintero Planta baja 1 QA159 C4.2 2004 287739 31/12/2020 1 Libro